000 01782nam a2200361 a 4500
001 00003820
003 DO-SdBNP
005 20180312132517.0
007 00003820
008 091117s2005 dr a 000 0 spa d
020 _a9945110624
040 _aBPMSU
_bspa
_cBPMSU
092 _a372.84
_bR696r 3ro. 2005
100 1 _aRodríguez, Federico
245 0 0 _aReligión 3 :
_beducación básica /
_c Federico Rodríguez ; dirección editorial Obdulia García de Escobar ; ilustración José Amado Polanco.
260 _aSanto Domingo :
_bSantillana,
_c2005.
300 _a95 p. :
_bil. ;
_c28 cm.
490 1 _aÁmbar
500 _aEste libro ha sido realizado de conformidad con el currículum vigente y ha sido sometido a la aprobación de la SEEBAC "Secretaría de Estado de Educación Bellas Artes y Cultos"
505 1 _t¡Que grandes nos ha hecho Dios! --
_tA veces nos equivocamos --
_tDios quiere que vivamos --
_tDios cumple su promesa --
_tLlegó la navidad --
_tJesús con su familia --
_tJesús es nuestro guía --
_tEl mandamiento nuevo --
_tJesús, una persona solidaria --
_tJesús dio la vida por sus amigos --
_tJesús vive con nosotros --
_tEl agua de la vida --
_tLa fiesta de la eucaristía --
_tLa transformación del mundo .
_g
650 4 _aRELIGIÓN
_xENSEÑANZA BÁSICA
650 4 _aRELIGIÓN
_xESTUDIOS Y EJERCICIOS
650 4 _aRELIGIÓN
_xEDUCACIÓN PRIMARIA
650 4 _aEDUCACIÓN PRIMARIA
_zREPÚBLICA DOMINICANA
650 4 _aRELIGIÓN
_xEDUCACIÓN PRIMARIA
700 1 2 _aGarcía de Escobar, Obdulia,
_eed.
700 1 2 _aPolanco, José Amado,
_eil.
830 0 _aÁmbar
910 _aValidado. Control de calidad MFF
942 _2ddc
_cBK
945 _aRemanejado para la BNPHU / 2018 VM
956 _aLOPEREZ
_b10
_c20160405
_lBPMSU
_h0041
999 _c9550
_d9550